| 000 | 00479nam a2200193Ia 4500 | ||
|---|---|---|---|
| 001 | 19167 | ||
| 008 | 140407s9999 xx 000 0 und d | ||
| 020 | _a0-321-04132-8 | ||
| 040 | _cPK-LaUMT | ||
| 082 |
_a 512.9 _bLIA-I |
||
| 100 | _aJohn Hornsby | ||
| 245 |
_aIntermediate algebra _cJohn Hornsby<>Margaret L. Lial |
||
| 250 | _a8th | ||
| 260 |
_aHarlow,England: _bAddision-Wesley, _c2000 |
||
| 300 | _a738 p. | ||
| 546 | _aEN | ||
| 700 | _aMargaret L. Lial | ||
| 942 | _cBK | ||
| 999 |
_c19547 _d19547 |
||